Social security, from crisis to crisis? : A statement

Guardado en:
Detalles Bibliográficos
Autor Corporativo: Program Committee of the Committee for Economic Development
Formato: Libro
Lenguaje:Undetermined
Publicado: New York CED 1984
Materias:
Etiquetas: Agregar Etiqueta
Sin Etiquetas, Sea el primero en etiquetar este registro!
Thư viện lưu trữ: Trung tâm Học liệu Trường Đại học Cần Thơ
LEADER 00597nam a2200193Ia 4500
001 CTU_79194
008 210402s9999 xx 000 0 und d
082 |a 368.4 
082 |b P964 
110 |a Program Committee of the Committee for Economic Development 
245 0 |a Social security, from crisis to crisis? : 
245 2 |b A statement 
245 4 |c The program Committee of the Committee for Economic Development 
260 |a New York 
260 |b CED 
260 |c 1984 
650 |a social security 
650 |z United States 
980 |a Trung tâm Học liệu Trường Đại học Cần Thơ